[Event "Lichtenrader Herbst"]
[Site "Berlin"]
[Date "2013.10.06"]
[Round "9.4"]
[White "Rettore, Ludwig"]
[Black "Bekker-Jensen, David"]
[Result "1-0"]
[WhiteElo "2113"]
[BlackElo "2321"]
[PlyCount "145"]
[EventDate "2013.??.??"]
[BlackTeam "SK Norderstedt von 1975"]

1. e4 c5 2. Nf3 d6 3. d4 cxd4 4. Nxd4 Nf6 5. Nc3 a6 6. Be2 e5 7. Nb3 Be7 8. O-O
O-O 9. Be3 Be6 10. Qd2 Nbd7 11. a4 Rc8 12. a5 Nc5 13. Nxc5 dxc5 14. Qxd8 Rfxd8
15. f3 c4 16. Kf2 Kf8 17. Na4 Nd7 18. Rfd1 Ke8 19. Nc3 Nf6 20. Rxd8+ Rxd8 21.
Ra4 Rc8 22. g3 Rc6 23. f4 exf4 24. gxf4 Ng4+ 25. Bxg4 Bxg4 26. Bd4 f5 27. Nd5
Bh4+ 28. Ke3 fxe4 29. Bxg7 Be6 30. Kxe4 Rc5 31. Ne3 Bf2 32. Bd4 Rh5 33. f5 Bd7
34. Rxc4 Bc6+ 35. Ke5 Rh4 36. Bb6 Rxh2 37. Nf1 Rg2 38. Bxf2 Rxf2 39. Ne3 h5 40.
Rh4 Re2 41. Kd4 Bf3 42. Rf4 Bc6 43. Rh4 Bf3 44. Kd3 Re1 45. Rh3 Bc6 46. Rxh5
Kf7 47. Rh4 Kf6 48. Rf4 Rh1 49. c4 Ra1 50. b4 Rb1 51. Kc3 Re1 52. Kd4 Rb1 53.
Kc5 Rc1 54. Rf2 Rh1 55. Nd5+ Kf7 56. f6 Rc1 57. Nb6 Rh1 58. Nc8 Rh5+ 59. Kb6
Rh8 60. Nd6+ Ke6 61. c5 Rf8 62. f7 Bd5 63. Rf4 Ke7 64. Rg4 Rd8 65. Rg8 Rxg8 66.
fxg8=Q Bxg8 67. Kxb7 Kd7 68. Kxa6 Kc6 69. Nf5 Bc4+ 70. Ka7 Bd3 71. Nd4+ Kd5 72.
c6 Kxd4 73. c7 1-0

[Event "Lichtenrader Herbst"]
[Site "Berlin"]
[Date "2013.10.06"]
[Round "9.5"]
[White "Major, Vitalij"]
[Black "Bruedigam, Martin"]
[Result "1/2-1/2"]
[WhiteElo "2164"]
[BlackElo "2312"]
[PlyCount "78"]
[EventDate "2013.??.??"]
[WhiteTeam "SC Kreuzberg e.V."]
[BlackTeam "USV Potsdam e.V., Abt. Schach"]

1. Nf3 d5 2. d4 Nf6 3. c4 dxc4 4. e3 e6 5. Bxc4 a6 6. a4 c5 7. O-O Nc6 8. Qe2
cxd4 9. Rd1 Bc5 10. Nxd4 Nxd4 11. exd4 Bd6 12. d5 e5 13. Bg5 Bg4 14. f3 Bf5 15.
Nc3 O-O 16. Bd3 Bxd3 17. Rxd3 Qb6+ 18. Kh1 Ne8 19. Ne4 Rc8 20. Be3 Qd8 21. Rc3
f5 22. Rxc8 Qxc8 23. Rc1 Qd7 24. Nc5 Qe7 25. Ne6 Rf7 26. Rc8 h6 27. Qc2 Kh7 28.
a5 Nc7 29. Nxc7 Bxc7 30. Bb6 Bxb6 31. axb6 Qb4 32. g4 Qxb6 33. gxf5 Qf6 34. Kg2
Qg5+ 35. Kf2 Qh4+ 36. Kg2 Qf6 37. Qe4 Qg5+ 38. Kf2 Qd2+ 39. Kg3 Qg5+ 1/2-1/2

[Event "Lichtenrader Herbst"]
[Site "Berlin"]
[Date "2013.10.06"]
[Round "9.6"]
[White "Glantz, Robert"]
[Black "Reichenbach, Werner"]
[Result "1/2-1/2"]
[WhiteElo "2310"]
[BlackElo "2290"]
[PlyCount "75"]
[EventDate "2013.??.??"]
[WhiteTeam "SC Kreuzberg e.V."]
[BlackTeam "SC Oberkrämer"]

1. e4 d6 2. d4 Nf6 3. Nc3 g6 4. Be3 Bg7 5. h3 c6 6. g4 Qa5 7. Qd2 b5 8. Bg2 Bb7
9. f4 b4 10. Nce2 c5 11. d5 Nfd7 12. c3 bxc3 13. bxc3 Nb6 14. Nf3 N8d7 15. O-O
Ba6 16. Rf2 Nc4 17. Qc1 Rb8 18. e5 dxe5 19. f5 O-O 20. Bh6 Qa3 21. Bxg7 Qxc1+
22. Rxc1 Kxg7 23. Ng3 Nd6 24. Ng5 Rb6 25. Bf1 Bxf1 26. Rcxf1 h6 27. N5e4 Nc4
28. fxg6 fxg6 29. Rxf8 Nxf8 30. Nxc5 Rd6 31. Nge4 Rxd5 32. Rb1 Nd7 33. Ne6+ Kf7
34. Nd8+ Ke8 35. Ne6 Kf7 36. Nd8+ Ke8 37. Ne6 Kf7 38. Nd8+ 1/2-1/2

[Event "Lichtenrader Herbst"]
[Site "Berlin"]
[Date "2013.10.06"]
[Round "9.7"]
[White "Schnabel, Ralf"]
[Black "Boettcher, Patrick"]
[Result "1-0"]
[WhiteElo "2228"]
[BlackElo "2176"]
[PlyCount "93"]
[EventDate "2013.??.??"]
[WhiteTeam "ESV Nickelhütte Aue"]
[BlackTeam "SC Zitadelle Spandau 1977 e.V."]

1. e4 c6 2. d4 d5 3. Nd2 dxe4 4. Nxe4 Bf5 5. Ng3 Bg6 6. h4 h6 7. Nf3 Nd7 8. h5
Bh7 9. Bd3 Bxd3 10. Qxd3 e6 11. Bd2 Ngf6 12. O-O-O Be7 13. Kb1 O-O 14. Qe2 Qb6
15. Bc1 c5 16. Nf1 cxd4 17. g4 Nd5 18. Ka1 Rac8 19. Nxd4 Bf6 20. Nb5 a6 21. c4
axb5 22. cxd5 exd5 23. Ne3 Rfe8 24. Rxd5 Qe6 25. Qxb5 Nb6 26. Rd3 Ra8 27. a3
Rec8 28. Rhd1 Bg5 29. Qb3 Qf6 30. Ka2 Na4 31. Nd5 Qxf2 32. Bxg5 Nc5 33. Be3
Nxb3 34. Bxf2 Nc1+ 35. Rxc1 Rxc1 36. Rb3 Rc2 37. Bb6 Ra4 38. Ne3 Re2 39. Rd3
Ra6 40. Bc5 Re6 41. Kb3 Re4 42. Kc3 Kh7 43. b4 g6 44. hxg6+ Kxg6 45. a4 h5 46.
gxh5+ Kxh5 47. Nf5 1-0

[Event "Lichtenrader Herbst"]
[Site "Berlin"]
[Date "2013.10.06"]
[Round "9.8"]
[White "Collins, Sam E"]
[Black "Jahnz, Fabian"]
[Result "1-0"]
[WhiteElo "2475"]
[BlackElo "2226"]
[PlyCount "153"]
[EventDate "2013.??.??"]
[BlackTeam "SK König Tegel 1949 e.V."]

1. d4 d5 2. c4 dxc4 3. e3 e5 4. Bxc4 exd4 5. exd4 Bd6 6. Nf3 Nf6 7. Qe2+ Qe7 8.
Qxe7+ Bxe7 9. O-O Be6 10. Bxe6 fxe6 11. Ng5 Kd7 12. Re1 Nc6 13. Nc3 Bd6 14. Nf7
Rhe8 15. Ne5+ Bxe5 16. dxe5 Nd5 17. Rd1 Nxe5 18. Nxd5 exd5 19. Rxd5+ Kc6 20.
Rd1 Rad8 21. Be3 Rxd1+ 22. Rxd1 b6 23. Bd4 g6 24. Kf1 Nf7 25. f3 Nd6 26. Kf2
Re7 27. g4 Kb5 28. Bc3 Re6 29. h4 c5 30. Kg3 Kc6 31. Kf4 b5 32. a3 Kb6 33. b4
a6 34. Rd5 c4 35. Re5 Rf6+ 36. Ke3 Rf7 37. h5 gxh5 38. Rxh5 Kc6 39. Re5 Kd7 40.
f4 Re7 41. Rxe7+ Kxe7 42. f5 Nf7 43. Kf4 h6 44. Bg7 Kd6 45. Ke4 Ng5+ 46. Ke3
Nf7 47. Kd4 Kc6 48. Bf8 Kd7 49. Bg7 Kd6 50. Ke4 Ng5+ 51. Ke3 Nf7 52. Kd4 Kc6
53. Bf8 Kd7 54. Kd5 c3 55. Bg7 c2 56. Bb2 Ng5 57. Kd4 Nf7 58. Bc1 Kd6 59. Bf4+
Kc6 60. Ke4 Kd7 61. Kd4 Kc6 62. Bd2 Kd6 63. Kc3 Ne5 64. Bf4 c1=Q+ 65. Bxc1 Nxg4
66. Kd4 h5 67. Bg5 Nf2 68. Bh4 Nd1 69. Bg3+ Ke7 70. Bh4+ Kd6 71. Ke4 Nb2 72.
Kf4 Nc4 73. Kg5 Ke7 74. Kg6+ Kf8 75. Bg3 h4 76. Bf4 h3 77. f6 1-0

[Event "Lichtenrader Herbst"]
[Site "Berlin"]
[Date "2013.10.06"]
[Round "9.10"]
[White "Dimitrijeski, Kristian"]
[Black "Gutman, Lev"]
[Result "0-1"]
[WhiteElo "2187"]
[BlackElo "2432"]
[PlyCount "80"]
[EventDate "2013.??.??"]
[WhiteTeam "SK König Tegel 1949 e.V."]
[BlackTeam "SV Lingen"]

1. d4 Nf6 2. c4 g6 3. Nc3 d5 4. Nf3 Bg7 5. e3 O-O 6. b4 c6 7. Qb3 dxc4 8. Bxc4
b5 9. Be2 a5 10. bxa5 Qxa5 11. Bd2 Be6 12. Qb2 b4 13. Nd1 c5 14. Ng5 Bd5 15.
Bf3 Nc6 16. Rc1 c4 17. e4 c3 18. Nxc3 Nxd4 19. a3 Nxf3+ 20. gxf3 bxc3 21. Bxc3
Qxa3 22. exd5 Qxb2 23. Bxb2 Nxd5 24. Bxg7 Kxg7 25. O-O Ra3 26. Ra1 Rfa8 27.
Rxa3 Rxa3 28. Kg2 h6 29. Nh3 g5 30. Rd1 e6 31. Rd4 Ne7 32. Re4 Ng6 33. Re3 Ra1
34. Rb3 Kf6 35. Rc3 e5 36. Rb3 h5 37. Kg3 Kf5 38. Rb4 f6 39. Rc4 Ra3 40. Ng1
h4+ 0-1

[Event "Lichtenrader Herbst"]
[Site "Berlin"]
[Date "2013.10.06"]
[Round "9.11"]
[White "Kul, Ivan"]
[Black "Giemsa, Stephan"]
[Result "1/2-1/2"]
[WhiteElo "2123"]
[BlackElo "2321"]
[PlyCount "134"]
[EventDate "2013.??.??"]
[BlackTeam "SK König Tegel 1949 e.V."]

1. Nf3 d5 2. d4 c5 3. c3 e6 4. g3 Nc6 5. Bg2 Nf6 6. O-O Be7 7. Bg5 cxd4 8. cxd4
Qb6 9. b3 O-O 10. Nc3 h6 11. Bxf6 Bxf6 12. e3 Qa5 13. Rc1 Be7 14. Re1 Bb4 15.
Qd3 Ba3 16. Rb1 Bd7 17. e4 Bb4 18. exd5 Bxc3 19. dxc6 Bxc6 20. Rec1 Bb4 21. Ne5
Bxg2 22. Kxg2 Qd5+ 23. Nf3 b5 24. Qe3 Ba3 25. Rc2 Rac8 26. Re2 a5 27. Qd3 Bd6
28. Rbe1 Rc7 29. Qe4 Qxe4 30. Rxe4 Rc2 31. R4e2 Rfc8 32. Kf1 Bb4 33. Rxc2 Rxc2
34. Re2 Rc1+ 35. Kg2 Ra1 36. Ne5 Bc3 37. Nc6 a4 38. bxa4 bxa4 39. Rc2 Be1 40.
d5 exd5 41. Ne7+ Kh7 42. Nxd5 a3 43. Ne3 Bb4 44. Kf3 g6 45. Ke4 Kg7 46. h4 h5
47. Kd5 Be7 48. Kc4 f5 49. Nd5 Bd6 50. Re2 Kf7 51. Nc3 f4 52. Ne4 Bc7 53. Kb3
Ke6 54. Kxa3 Kf5 55. Kb2 Be5+ 56. Nc3 Rh1 57. gxf4 Bxf4 58. Nd5 Be5+ 59. Kb3
Rh3+ 60. Kc2 Bd6 61. Ne3+ Kf6 62. Nd5+ Kf7 63. Re4 Ra3 64. Nc3 Be7 65. Kb2 Ra5
66. Kb3 Rf5 67. a4 Bd8 1/2-1/2

[Event "Lichtenrader Herbst"]
[Site "Berlin"]
[Date "2013.10.06"]
[Round "9.12"]
[White "Salz, Matthias"]
[Black "Stigar, Petter"]
[Result "0-1"]
[WhiteElo "1731"]
[BlackElo "2239"]
[PlyCount "94"]
[EventDate "2013.??.??"]
[WhiteTeam "SV Empor Berlin e.V."]

1. c4 e6 2. g3 Nf6 3. Bg2 d5 4. Nf3 dxc4 5. O-O a6 6. a4 Nc6 7. Na3 Na5 8. Qc2
Qd5 9. d3 cxd3 10. exd3 Nb3 11. Rb1 Nxc1 12. Rfxc1 c6 13. Nc4 Qd8 14. Nfe5 Nd5
15. a5 f6 16. Bxd5 Qxd5 17. Nb6 Qxe5 18. Nxa8 Qxa5 19. Ra1 Qd8 20. Qb3 Bd6 21.
Nb6 O-O 22. Re1 Re8 23. Re2 Kh8 24. Rae1 e5 25. Nxc8 Qxc8 26. d4 Rf8 27. dxe5
Bxe5 28. Rd1 c5 29. Rc2 b5 30. Qa3 c4 31. f4 Bc7 32. b3 Bb6+ 33. Kf1 Qa8 34.
Rd5 Rc8 35. bxc4 bxc4 36. Qf3 h6 37. Qe4 Qc6 38. Rcd2 Re8 39. Qg6 c3 40. Rc2
Qe6 41. Rd6 Qh3+ 42. Rg2 Re2 43. Kxe2 Qxg2+ 44. Kd1 Qf1+ 45. Kc2 Qf2+ 46. Kb3
Qb2+ 47. Kc4 Qb5+ 0-1

[Event "Lichtenrader Herbst"]
[Site "Berlin"]
[Date "2013.10.06"]
[Round "9.13"]
[White "Moeller, Hendrik"]
[Black "Lerch, Philipp"]
[Result "0-1"]
[WhiteElo "2273"]
[BlackElo "2163"]
[PlyCount "68"]
[EventDate "2013.??.??"]
[WhiteTeam "SC Weisse Dame e.V."]
[BlackTeam "SK König Tegel 1949 e.V."]

1. c4 e5 2. g3 Nf6 3. Bg2 h6 4. Nc3 Bb4 5. Nd5 Nxd5 6. Bxd5 c6 7. Bg2 O-O 8. e3
d5 9. Qb3 Bd6 10. cxd5 cxd5 11. Bxd5 Na6 12. Ne2 Bh3 13. d4 exd4 14. Nxd4 Bb4+
15. Bd2 Bxd2+ 16. Kxd2 Nc5 17. Qc4 Rc8 18. Ke2 Qf6 19. Qb4 Rfd8 20. Bf3 Ne6 21.
Rhd1 Nxd4+ 22. Rxd4 Rc2+ 23. Kd3 Bf5+ 24. Be4 Bxe4+ 25. Kxe4 Re8+ 26. Kd3 Qxf2
27. Qe1 Qxh2 28. Rc1 Rxc1 29. Qxc1 Qxg3 30. Ke2 h5 31. Qd2 h4 32. Rd8 Qg2+ 33.
Kd1 Qxd2+ 34. Rxd2 Rxe3 0-1

[Event "Lichtenrader Herbst"]
[Site "Berlin"]
[Date "2013.10.06"]
[Round "9.14"]
[White "Zur, Jan"]
[Black "Bruun, Henrik Emil"]
[Result "1-0"]
[WhiteElo "2043"]
[BlackElo "2092"]
[PlyCount "60"]
[EventDate "2013.??.??"]
[WhiteTeam "SC Zugzwang 95 e.V."]

1. e4 d6 2. d4 Nf6 3. Nc3 g6 4. Be3 Bg7 5. Qd2 O-O 6. Nf3 c6 7. Bh6 Bg4 8. Bxg7
Kxg7 9. Be2 b5 10. a3 Nbd7 11. e5 Ne8 12. Rd1 Nb6 13. O-O Nc7 14. h3 Bd7 15.
Ne4 Be6 16. exd6 exd6 17. Qf4 Bc4 18. Rfe1 Bxe2 19. Rxe2 Nc4 20. Qc1 Re8 21.
Rde1 f5 22. Ned2 Nxd2 23. Qxd2 Qf6 24. Qc3 c5 25. dxc5 Rxe2 26. Rxe2 Qxc3 27.
bxc3 Nd5 28. cxd6 Rd8 29. Nd4 Rxd6 30. Nxb5 Nxc3 1-0

[Event "Lichtenrader Herbst"]
[Site "Berlin"]
[Date "2013.10.06"]
[Round "9.15"]
[White "Bolk, Matthias"]
[Black "Schoene, Ralf"]
[Result "1/2-1/2"]
[WhiteElo "2045"]
[BlackElo "2345"]
[PlyCount "132"]
[EventDate "2013.??.??"]
[WhiteTeam "SV Senat"]
[BlackTeam "TSG Neuruppin"]

1. e4 e5 2. Nc3 Nc6 3. f4 exf4 4. Nf3 g5 5. d4 Bg7 6. Bc4 d6 7. O-O h6 8. g3
Bh3 9. Re1 fxg3 10. e5 Kf8 11. b4 dxe5 12. b5 Nce7 13. Ba3 Be6 14. Bxe6 fxe6
15. Rf1 gxh2+ 16. Kh1 Ke8 17. Nxe5 h5 18. Qf3 Nf5 19. Qxb7 Bxe5 20. Rxf5 exf5
21. Re1 Kf7 22. dxe5 Ne7 23. Qa6 c6 24. bxc6 Rh6 25. e6+ Ke8 26. Qb5 Qb6 27.
c7+ Qxb5 28. Nxb5 Nc8 29. Rd1 Rxe6 30. Rd8+ Kf7 31. Nd6+ Rxd6 32. Bxd6 f4 33.
Kxh2 Ke6 34. Bb4 a5 35. Bd2 a4 36. a3 Kf5 37. Kg2 Kg4 38. Rg8 Kf5 39. Rf8+ Ke4
40. Rg8 Kf5 41. Rf8+ Ke6 42. Rd8 Kf5 43. Kf3 g4+ 44. Kf2 f3 45. Kg3 Ke4 46. Bg5
Kf5 47. Bh4 Ke6 48. Kf4 Ra5 49. Rxc8 Kd7 50. Rg8 Kxc7 51. Rg5 Rxg5 52. Kxg5 Kd6
53. Kxh5 Kd5 54. Kxg4 Kc4 55. Be1 f2 56. Bxf2 Kc3 57. Kf3 Kxc2 58. Ke4 Kb3 59.
Kd4 Kxa3 60. Kc3 Ka2 61. Kc2 Ka3 62. Bc5+ Ka2 63. Bd4 Ka3 64. Bc3 Ka2 65. Bb2
a3 66. Bc1 Ka1 1/2-1/2

[Event "Lichtenrader Herbst"]
[Site "Berlin"]
[Date "2013.10.06"]
[Round "9.17"]
[White "Noetzel, Felix"]
[Black "Partenheimer, Axel"]
[Result "0-1"]
[WhiteElo "2081"]
[BlackElo "2136"]
[PlyCount "80"]
[EventDate "2013.??.??"]
[WhiteTeam "SF Berlin 1903 e.V."]
[BlackTeam "Düsseldorfer SK 14/25 e."]

1. e4 c5 2. d4 cxd4 3. c3 Nf6 4. e5 Nd5 5. Nf3 e6 6. cxd4 d6 7. Nc3 Nxc3 8.
bxc3 Qc7 9. Bd2 Nd7 10. exd6 Bxd6 11. Bd3 O-O 12. O-O b6 13. Re1 Bb7 14. h3
Rac8 15. Qe2 Bf4 16. Rac1 Rfd8 17. Bxf4 Qxf4 18. Qe3 Qd6 19. Bb1 g6 20. Nh2 Nf6
21. Qh6 Qf8 22. Qg5 Kg7 23. Qe5 Rd5 24. Qe3 Rd7 25. g4 h6 26. f4 Qd6 27. g5 Nd5
28. gxh6+ Kxh6 29. Ng4+ Kg7 30. Qe5+ Qxe5 31. Nxe5 Rdc7 32. c4 Nxf4 33. Rc3 f6
34. Nd3 Nxh3+ 35. Kf1 Ng5 36. c5 Ne4 37. Ra3 bxc5 38. Nxc5 Nxc5 39. dxc5 Bd5
40. Kf2 f5 0-1

[Event "Lichtenrader Herbst"]
[Site "Berlin"]
[Date "2013.10.06"]
[Round "9.18"]
[White "Krefenstein, Sergej"]
[Black "Kirchhof, Arno"]
[Result "1-0"]
[WhiteElo "2105"]
[BlackElo "2069"]
[PlyCount "36"]
[EventDate "2013.??.??"]
[WhiteTeam "TuS Makkabi Berlin e.V."]
[BlackTeam "SC Zugzwang 95 e.V."]

1. e4 e6 2. d4 d5 3. e5 c5 4. c3 Nc6 5. Nf3 Qb6 6. a3 Nh6 7. b4 cxd4 8. cxd4
Nf5 9. Bb2 Be7 10. g4 Nh6 11. h3 O-O 12. Nc3 f6 13. exf6 Rxf6 14. Na4 Qd8 15.
g5 Rxf3 16. Qxf3 Bxg5 17. Bd3 Qd6 18. Rg1 Bf6 1-0